[Event "Unterfranken-ch HA 60th"]
[Site "Obernau"]
[Date "2009.04.16"]
[Round "6"]
[White "Bergmann, Heribert"]
[Black "Fellhauer, Claus"]
[Result "1/2-1/2"]
[WhiteElo "1421"]
[BlackElo "1473"]
[PlyCount "68"]
[EventDate "2009.04.13"]
[EventType "swiss"]
[EventRounds "9"]
[EventCountry "GER"]
[SourceTitle "EXT 2015"]
[Source "ChessBase"]
[SourceDate "2014.11.20"]
[SourceVersion "1"]
[SourceVersionDate "2014.11.20"]
[SourceQuality "1"]

1. d4 d5 2. Bf4 Nf6 3. e3 Bf5 4. Nf3 e6 5. c3 Be7 6. Nbd2 Bg4 7. Be2 Nbd7 8. h3 Bxf3 9. Nxf3 0-0 10. Ne5 Nxe5 11. Bxe5 Nd7 12. Bh2 c5 13. 0-0 Qb6 14. Qd2 Nf6 15. Be5 Ne4 16. Qc2 c4 17. f3 Nd6 18. Bxd6 Bxd6 19. f4 f6 20. Rf3 e5 21. fxe5 fxe5 22. Raf1 exd4 23. exd4 Rf6 24. Rxf6 gxf6 25. Bf3 Qb5 26. Bh5 Qc6 27. Qf5 Rf8 28. Bf3 Kh8 29. Bxd5 Qc7 30. Qg4 b5 31. Rxf6 Qe7 32. Rxf8+ Qxf8 33. Be4 Qh6 34. Qc8+ Bf8 1/2-1/2

[Event "Unterfranken-ch H1 46th"]
[Site "Karlburg"]
[Date "1995.??.??"]
[Round "?"]
[White "Fellhauer, Claus"]
[Black "Assmann, Armin"]
[Result "0-1"]
[WhiteElo "1466"]
[BlackElo "1641"]
[PlyCount "120"]
[EventDate "1995.04.17"]
[EventType "swiss"]
[EventRounds "9"]
[EventCountry "GER"]
[SourceTitle "EXT 2015"]
[Source "ChessBase"]
[SourceDate "2014.11.20"]
[SourceVersion "1"]
[SourceVersionDate "2014.11.20"]
[SourceQuality "1"]

1. g3 d5 2. Bg2 e5 3. d3 Nf6 4. Bg5 c6 5. Nd2 Bc5 6. e3 h6 7. Bxf6 Qxf6 8. c3 0-0 9. Ne2 Bg4 10. 0-0 Nd7 11. d4 exd4 12. cxd4 Bd6 13. f3 Bh5 14. Nb3 Rfe8 15. Qc1 Bg6 16. Qc3 Qe7 17. Nd2 Qxe3+ 18. Qxe3 Rxe3 19. Rf2 Rae8 20. Nc3 Bb4 21. Rc1 Rd3 22. Nb3 Rde3 23. Bf1 R8e7 24. Kg2 Bd3 25. Bxd3 Rxd3 26. Ne2 Nb6 27. Na1 Rd2 28. Rc2 Rd1 29. Rf1 Rxf1 30. Kxf1 Nc4 31. Kf2 Ne3 32. Rc1 Bd6 33. Nc2 Nxc2 34. Rxc2 f5 35. f4 Bc7 36. Rd2 Bb6 37. b3 Re4 38. a3 Kf7 39. Kf3 Kf6 40. h4 g5 41. hxg5+ hxg5 42. fxg5+ Kxg5 43. Nf4 Kf6 44. Ne2 Bc7 45. a4 Ke6 46. Rd1 Bb6 47. b4 a5 48. bxa5 Bxa5 49. Rb1 b6 50. Rb2 Kd6 51. Kf2 c5 52. dxc5+ bxc5 53. Ra2 Rb4 54. Nc1 c4 55. Ke3 Ke5 56. Ke2 Ke4 57. Kd1 d4 58. Ne2 Rb1+ 59. Kc2 Re1 60. Nc1 d3+ 0-1

[Event "Unterfranken-ch H1 46th"]
[Site "Karlburg"]
[Date "1995.??.??"]
[Round "?"]
[White "Fellhauer, Claus"]
[Black "Duernhoefer, Robert"]
[Result "1/2-1/2"]
[WhiteElo "1466"]
[BlackElo "1582"]
[PlyCount "85"]
[EventDate "1995.04.17"]
[EventType "swiss"]
[EventRounds "9"]
[EventCountry "GER"]
[SourceTitle "EXT 2015"]
[Source "ChessBase"]
[SourceDate "2014.11.20"]
[SourceVersion "1"]
[SourceVersionDate "2014.11.20"]
[SourceQuality "1"]

1. e4 c6 2. Bc4 d5 3. exd5 cxd5 4. Bb5+ Nc6 5. Bxc6+ bxc6 6. d4 Nf6 7. Bf4 e6 8. Ne2 c5 9. c3 cxd4 10. cxd4 Be7 11. a3 0-0 12. Nd2 Qb6 13. b4 Ba6 14. Nf3 Rac8 15. 0-0 Bd6 16. Bxd6 Qxd6 17. Ne5 Ne4 18. Re1 Rc7 19. f3 Nf6 20. Nc1 Nd7 21. Nxd7 Qxd7 22. Nb3 Bc4 23. Nc5 Qb5 24. Qd2 a5 25. f4 axb4 26. axb4 Qc6 27. Re5 Ra8 28. Rxa8+ Qxa8 29. Re1 Ra7 30. Qc3 Qb8 31. g3 Qa8 32. Rc1 Ra3 33. Qb2 h5 34. Rb1 Bb5 35. Nb3 Ra2 36. Qc3 Re2 37. Na5 Re4 38. Qc5 Qa6 39. Qc3 h4 40. Nb3 hxg3 41. hxg3 Re2 42. Ra1 Ra2 43. Rc1 1/2-1/2